The Test access port and boundary-scan architecture
Պահպանված է:
| Այլ հեղինակներ: | , |
|---|---|
| Ձևաչափ: | Գիրք |
| Լեզու: | English |
| Հրապարակվել է: |
Los Alamitos, California. : IEEE Computer Society Press,.
c1991
|
| Շարք: | IEEE Computer Society Press tutorial
|
| Խորագրեր: | |
| Ցուցիչներ: |
Ավելացրեք ցուցիչ
Չկան պիտակներ, Եղեք առաջինը, ով նշում է այս գրառումը!
|
MARC
| LEADER | 00000nam a2200000Ia 4500 | ||
|---|---|---|---|
| 003 | 007069 | ||
| 005 | 20221231144011.0 | ||
| 008 | 140114s1991 caua 000 ||eng d | ||
| 040 | |c cru CEDI | ||
| 082 | |a 621.381 T336t | ||
| 245 | |a The Test access port and boundary-scan architecture | ||
| 260 | |a Los Alamitos, California. : IEEE Computer Society Press,. |c c1991 | ||
| 300 | |a xxii, 372 páginas. : ilustraciones. ; 29 cm. | ||
| 440 | |a IEEE Computer Society Press tutorial |9 21062 | ||
| 650 | |x ARQUITECTURA DE PROGRAMAS PARA COMPUTADORAS |x BOUNDARY SCAN TESTING |x CIRCUITOS ELECTRONICOS - PROCESAMIENTO DE DATOS |9 21063 | ||
| 700 | |9 21060 |a Maunder, Colin M. | ||
| 700 | |9 21061 |a Tulloss, Rodham E. | ||
| 942 | |2 ddc |c BK | ||
| 999 | |c 15432 |d 15432 | ||
